00559nam a22001457a 4500008004100000020001700041040005500058080002300113245011900136260006100255300001400316490003600330650001400366653003300380230405b |||||||| |||| 00| 0 eng d a0-19-5667638 aNational Science LibrarycNational Science Library a330.34(047.7) bP3 aMillennium development goals: a compact among nations to end human povertyc/ United Nations Development Programme aNew York: bUnited Nations Development Programme, c2003 axv,367p.  aHuman development report v2003 aEconomics aHuman development indicators